Fr. Conceicao Rodrigues College of Engineering

Using MS-DOS 6.2 (Record no. 21073)

MARC details
000 -LEADER
fixed length control field 00310nam a2200145Ia 4500
082 ## - DEWEY DECIMAL CLASSIFICATION NUMBER
Classification number 5.43
Item number WYA
100 ## - MAIN ENTRY--PERSONAL NAME
Personal name Wyatt/Allen & others
245 ## - TITLE STATEMENT
Title Using MS-DOS 6.2
260 ## - PUBLICATION, DISTRIBUTION, ETC.
Name of publisher, distributor, etc. Prentice -Hall
Place of publication, distribution, etc. New Delhi
Date of publication, distribution, etc. 1996
300 ## - PHYSICAL DESCRIPTION
Extent 1115
546 ## - LANGUAGE NOTE
Language note ENGLISH
654 ## - SUBJECT ADDED ENTRY--FACETED TOPICAL TERMS
Focus term MS-DOS 6.2
942 ## - ADDED ENTRY ELEMENTS (KOHA)
Koha item type BOOK
Holdings
Withdrawn status Lost status Damaged status Not for loan Collection Home library Current library Shelving location Date acquired Total Checkouts Full call number Barcode Date last seen Price effective from Koha item type
        CRC Fr. Agnel's C.Rodrigues College of Engineering Fr. Agnel's C.Rodrigues College of Engineering   17/03/2023   5.43 WYA 8964 17/03/2023 17/03/2023 BOOK